000 00978nam a2200253 a 4500
001 BRCA_8861
005 20190320210434.0
008 140617s2016----mx-a######---#000-0#spa-#
020 _a9786076053935 (INBA)
020 _a9786079358396 (Secretaría de Cultura de Morelos)
041 _aspa
044 _amx
050 4 _aND259.B48
_b.A36 2016
245 1 0 _aAdolfo Best Maugard
_bla espiral del arte
_ctextos, Arturo López Rodríguez ... [et al.].
260 _aMéxico
_bINBA : Museo del Palacio de Bellas Ares : Secretaría de Cultura de Morelos
_c2016
300 _a375 p.
_bil. (algunas a color), retratos
_c25 cm.
440 0 _aMuseos y galerías
_9239
500 _aIncluye cronología y apéndice
600 1 4 _aBest Maugard, Adolfo
_d1891-1965
_vExposiciones
_xCrítica e interpretación
_922065
650 1 4 _aPintores
_vBiografía
_zMéxico
_94982
650 1 4 _aArte
_xHistoria
_ySiglo XX
_zMéxico
_922066
700 1 _aLópez Rodríguez, Arturo
_922067
942 _2lcc
_cB
999 _c8512
_d8512